| 000 | 00587nam a2200193 a 4500 | ||
|---|---|---|---|
| 003 | PILC | ||
| 005 | 20160215085417.0 | ||
| 008 | 100816s19uu xx 00 eng d | ||
| 020 | _a9780521881067 | ||
| 050 |
_aBF 698 _b.R65 2008 |
||
| 100 | _aReiss, Steven. | ||
| 245 |
_aThe normal personality : _ba new way of thinking about people / _cSteven Reiss. |
||
| 260 |
_aNew York : _bCambridge University Press, _c2008. |
||
| 300 |
_a201 pages ; _c20 cm. |
||
| 500 | _aIncludes bibliographical references and index. | ||
| 650 | _aPersonality. | ||
| 942 |
_cBK _2lcc _kFOR |
||
| 999 |
_c24035 _d24035 |
||